Normal view
MARC view
- Greater London Authority
Entry Corporate Name
001 - CONTROL NUMBER
- control field: 5818
003 - CONTROL NUMBER IDENTIFIER
- control field: SIRSI
005 - DATE AND TIME OF LATEST TRANSACTION
- control field: 20190806150246.0
008 - FIXED-LENGTH DATA ELEMENTS
- fixed length control field: 100108n| acannaabn |n ana d
040 ## - CATALOGING SOURCE
- Original cataloging agency: OSt
- Transcribing agency: OSt
110 2# - HEADING--CORPORATE NAME
- Corporate name or jurisdiction name as entry element: Greater London Authority
670 ## - SOURCE DATA FOUND
- Source citation: London Datastore